000 00915cab a2200277 4500
001 WB3137-07
008 090401t1995 xxu||||| |||| 00| 0 eng d
035 _a(Sirsi) u14997
041 _aeng
245 _aWater levels undermine city buildings
260 _c1995
350 _a0
490 _aTimes
_v6 October 1995, 12(2)
520 _aWater levels are rising by over 2 metres a year in some UK city centres, increasing the risk of flooding to buildings, according to a study carried out on behalf of the Constructiuon Indutry Research Association.
650 _aCIRIA
650 _aCITY OF LONDON
650 _aCONSTRUCTION INDUSTRY RESEARCH AND INFORMATION ASSOCIATION
650 _aCONSTRUCTION INDUSTRY RESEARCH ASSOCIATION
650 _aFLOODING
650 _aUNDERGROUND
650 _aWATER TABLE
690 _aBUILT ENVIRONMENT
690 _aWATER
942 _n0
948 _c04/03/1997
999 _c9793
_d9793